000 01370cam a22003015a 4500
001 L145279
002 17478
008 080923s2008 xxkade f 000 0 eng d
020 _a9781904829829
035 _a(Sirsi) u145279
041 0 _aeng
050 0 4 _a692.5 $2 18
110 2 _aBuilding Cost Information Service
_91096
245 0 0 _aEstimating price book
_bSMM7, 2009
250 _a14th ed.
260 _aLondon
_bBCIS
_c2008
300 _amultiple pagination
_bill
_c30cm.
520 _aGuide to the current (net cost) unit prices for building work. Gives unit rates compiled from over 500 000 price elements. Includes basic material prices, plant costs, labour costs, an approximate estimating section, professional information and BCIS square metre rates. Incorporates the latest amendments to professional information, average building prices, Town and Country Planning Regulations fees for applications and deemed applications, building regulations prescribed fees and cost limits and allowances.
520 _aSupersedes 13th. ed. (ISBN 9781904829607).
520 _aSuperseded by 15th ed. (ISBN 9781904829942).
521 _aAdvanced
590 _aKA
650 2 4 _aSTANDARD METHOD OF MEASUREMENT (SEVENTH EDITION)
651 4 _aUnited Kingdom
_y
690 _aBUILT ENVIRONMENT-BUILDING COSTS
700 1 _aBarnett, N.P.
_eEditor
942 _n0
999 _c108742
_d108742